| 000 | 00732nam a22002417a 4500 | ||
|---|---|---|---|
| 003 | UA-OsUOA | ||
| 001 | 78446 | ||
| 007 | ta | ||
| 008 | 20111012b un ||||| |||| 00| 0 ukr d | ||
| 100 | _aОльговський С.Я. | ||
| 090 |
_a94(477)01 _bО-56 |
||
| 942 | _cBK | ||
| 040 |
_aUA-OsUOA _bukr _cUA-OsUOA _dUA-OsUOA |
||
| 245 | _aВолодарі степу. Військова справа й озброєння скіфів VII ст. до н.е. - ІІІ ст. н.е. | ||
| 300 | _a128 с. | ||
| 955 | _a2 | ||
| 041 | _aukr | ||
| 080 | _a94(477)01 | ||
| 020 | _a978-966-1530-43-9 | ||
| 260 |
_aК. _bНаш час _c2010 |
||
| 650 | 7 |
_a9 Географія. Біографії. Історія _2UDC |
|
| 999 |
_c364756 _d364756 |
||